[Event "AUS-ch U18"]
[Site "Sandy Bay"]
[Date "2010.01.14"]
[Round "1"]
[White "Chan, Michael"]
[Black "Smith, Charlie"]
[Result "0-1"]
[WhiteElo "1840"]
[BlackElo "1308"]
[PlyCount "126"]
[EventDate "2010.01.14"]
[EventType "swiss"]
[EventRounds "11"]
[EventCountry "AUS"]
[SourceTitle "EXT 2011"]
[Source "ChessBase"]
[SourceDate "2010.11.26"]
[SourceVersion "1"]
[SourceVersionDate "2010.11.26"]
[SourceQuality "1"]

1. c4 Nf6 2. Nc3 g6 3. g3 Bg7 4. Bg2 0-0 5. Nf3 d6 6. 0-0 e5 7. d3 c5 8. Rb1 Nc6 9. a3 a5 10. Bg5 Be6 11. Nd2 Rb8 12. Nd5 Bxd5 13. cxd5 Na7 14. b4 cxb4 15. Rxb4 axb4 16. axb4 h6 17. Be3 Nb5 18. Nc4 Nc3 19. Qd2 Ncxd5 20. Bxh6 Bxh6 21. Qxh6 Nxb4 22. Ne3 Nc6 23. g4 Nd4 24. g5 Nh7 25. h4 Nxe2+ 26. Kh2 Nf4 27. Rg1 b5 28. Be4 Qd7 29. Ng4 f5 30. h5 Qg7 31. hxg6 Qxh6+ 32. Nxh6+ Kg7 33. Nxf5+ Rxf5 34. Bxf5 Nf8 35. Ra1 N8xg6 36. Ra7+ Kg8 37. Rd7 Rb6 38. Rd8+ Kf7 39. Rd7+ Ke8 40. Ra7 b4 41. Ra8+ Ke7 42. Ra7+ Kd8 43. Ra8+ Kc7 44. Rc8+ Kb7 45. Rg8 d5 46. Rg7+ Ka6 47. Bc8+ Kb5 48. Rc7 b3 49. Rc1 Kb4 50. d4 e4 51. Bg4 b2 52. Rb1 Kb3 53. Bd1+ Ka2 54. Bc2 Rc6 55. Kg3 Rxc2 56. Kg4 Kxb1 57. f3 Rg2+ 58. Kf5 exf3 59. Kf6 f2 60. Kg7 f1Q 61. Kf7 Nh5+ 62. Kxg6 Ng7 63. Kh6 Rh2+ 0-1